000 00411nam a2200169Ia 4500
008 120913t1998 xxu||||| |||| 00| 0 eng d
041 _aeng
080 _a8-31
_bPER
100 _aPerera,Tennyson
245 _aOf Terror and Trials
260 _aGodage
_aColombo
_c1998
300 _b132p, 21 cm
700 _aFernando,Vijita
_etr.
942 _cBK
999 _c40766
_d40766
003 LK-CoDNM
040 _aLK-CoDNM
_dLK-CoDNM
_eLK-CoDNM